=LDR 00000nam 2200000 4500 =001 INLIS000000000039553 =005 20200224094717 =035 ##$$a 0010-061300000039553 =008 200224################g##########0#ind## =041 ##$$a ind =082 ##$$a 158.1 =090 ##$$a 158.1, Her, m =100 ##$$a Hermanto, Bambang =245 1#$$a Mengubah pribadi rapuh menjadi pribadi tangguh /$c Drs, BambangHermanto, M. Si =260 ##$$a Jakarta :$b Tugu Publisher,$c 2011 =850 ##$$a NBPNMAT =020 ##$$a 979-3191-47-3 =084 ##$$a 158.1 HER m =300 ##$$a 284 hlm. ; $c 20 x 14 cm. =500 ##$$a Bibliografi; hlm.283-284 =650 #4$$a Sukses Pribadi =990 ##$$a 21104584 =990 ##$$a 21104582 =990 ##$$a 21104583 =990 ##$$a 0001/BPAP-NTB/20142014 =990 ##$$a 0001/BPAP-NTB/20142015 =990 ##$$a 21104581 =990 ##$$a 0001/BPAP-NTB/20142015 =990 ##$$a 21104584 =990 ##$$a 21104582 =990 ##$$a 21104583 =990 ##$$a 0001/BPAP-NTB/20142014 =990 ##$$a 21104581 =990 ##$$a 0001/BPAP-NTB/20142014 =990 ##$$a 21104584 =990 ##$$a 21104582 =990 ##$$a 21104583 =990 ##$$a 0001/BPAP-NTB/20142015 =990 ##$$a 21104581